| 000 | 00349nam a2200145Ia 4500 | ||
|---|---|---|---|
| 005 | 20251222175926.0 | ||
| 008 | 251222s9999||||xx |||||||||||||| ||spa|| | ||
| 020 | _a9786124265914 | ||
| 082 | _a657.46/A47 | ||
| 100 | _aAlva Matteucci, Mario | ||
| 245 | 0 | _aGastos Deducibles: | |
| 250 | _a1ra. ed. | ||
| 264 | _bPacĂfico Ediciones | ||
| 942 | _cLIB | ||
| 999 |
_c40860 _d40860 |
||